Catalog

Record Details

Catalog Search



Available copies

  • 1 of 1 copy available at LARL/NWRL Consortium.
  • 1 of 1 copy available at Lake Agassiz Regional Library. (Show)

Current holds

0 current holds with 1 total copy.

Show Only Available Copies
Location Call Number / Copy Notes Barcode Shelving Location Status Due Date
Moorhead Public Library J BEN (Text) 33500012166013 Main Available -

Record details

  • ISBN: 9780316380867 (hardcover)
  • ISBN: 0316380865 (hardcover)
  • Physical Description: 343 pages : illustrations ; 21 cm
  • Edition: First edition.
  • Publisher: New York ; Little, Brown and Company, 2015.

Content descriptions

Summary, etc.:
Twelve-year-old Suzy Swanson wades through her ... Read More
Subject: Grief > Juvenile fiction.
Best friends > Juvenile fiction.
Friendship > Juvenile fiction.
Jellyfishes > Juvenile fiction.
Grief > Fiction.
Best friends > Fiction.
Friendship > Fiction.
Jellyfishes > Fiction.
LDR 01680cam a2200421 i 4500
001190815
003LARL_NWRL_CONSORTIUM
00520150918102820.0
008141209s2015 nyua c 000 1 eng
010 . ‡a2014044025
020 . ‡a9780316380867 (hardcover)
020 . ‡a0316380865 (hardcover)
020 . ‡z9780316380836 (ebook)
035 . ‡a(OCoLC)898029275
040 . ‡aDLC ‡erda ‡beng ‡cDLC ‡dYDXCP ‡dBTCTA ‡dBDX ‡dGMP ‡dOCLCO ‡dSINLB ‡dNYP ‡dEHH ‡dOCLCO
042 . ‡alcac ‡apcc
05000. ‡aPZ7.1.B453 ‡bTh 2015
08200. ‡a[E] ‡223
1001 . ‡aBenjamin, Ali, ‡eauthor.
24514. ‡aThe thing about jellyfish / ‡cAli Benjamin.
250 . ‡aFirst edition.
264 1. ‡aNew York ; ‡aBoston : ‡bLittle, Brown and Company, ‡c2015.
300 . ‡a343 pages : ‡billustrations ; ‡c21 cm
336 . ‡atext ‡2rdacontent
337 . ‡aunmediated ‡2rdamedia
338 . ‡avolume ‡2rdacarrier
520 . ‡aTwelve-year-old Suzy Swanson wades through her intense grief over the loss of her best friend by investigating the rare jellyfish she is convinced was responsible for her friend's death.
650 0. ‡aGrief ‡vJuvenile fiction. ‡0(LARL_NWRL_CONSORTIUM)172356
650 0. ‡aBest friends ‡vJuvenile fiction. ‡0(LARL_NWRL_CONSORTIUM)170952
650 0. ‡aFriendship ‡vJuvenile fiction. ‡0(LARL_NWRL_CONSORTIUM)164914
650 0. ‡aJellyfishes ‡vJuvenile fiction.
650 1. ‡aGrief ‡vFiction. ‡0(LARL_NWRL_CONSORTIUM)165491
650 1. ‡aBest friends ‡vFiction. ‡0(LARL_NWRL_CONSORTIUM)168959
650 1. ‡aFriendship ‡vFiction. ‡0(LARL_NWRL_CONSORTIUM)164944
650 1. ‡aJellyfishes ‡vFiction.
901 . ‡a190815 ‡bOCLC ‡c190815 ‡tbiblio

Additional Resources